| 000 | 01311nam0a22003131 4500 | ||
|---|---|---|---|
| 001 | rc\2268527 | ||
| 005 | 20260406072552.0 | ||
| 035 | _a(NLR Aleph) 006547412 | ||
| 090 |
_a6702718 _c6702718 |
||
| 100 | _a20110829d1977 u y0rusy50 ca | ||
| 101 | 1 |
_arus _ctat |
|
| 102 | _aRU | ||
| 105 | _aa z |||a| | ||
| 200 | 1 |
_aБуре навстречу _eПьесы _eПер. с татар. _fРиза Ишмуратов _g[Худож. Э.М. Шагеев] |
|
| 210 |
_aМосква _cСов. писатель _d1977 |
||
| 215 |
_a240 с. _cил. _d17 |
||
| 300 | _aВ вып. дан. авт.: Риза Фахрутдинович Ишмуратов | ||
| 327 | 1 | _aСодерж.: Буре навстречу; Бессмертная песнь; Побежденный океан | |
| 464 | 0 |
_12001#$aБуре навстречу$aБессмертная песнь$aПобежденный океан _tПобежденный океан |
|
| 686 |
_aШ5(2=Тат)7-662 _2rubbk |
||
| 700 | 1 |
_8rus _7ca _aИшмуратов _bР. Ф. _f1903-1995 _gРиза Фахрутдинович _3RU\NLR\auth-onl\77288 _9130347 |
|
| 801 | 0 |
_aRU _bNLR _gpsbo |
|
| 801 | 1 |
_aRU _bELAR _2rusmarc |
|
| 852 |
_aNLR _j77-2/1796 |
||
| 899 |
_aRuMoRGB _jБ 77-42/699 |
||
| 899 |
_aRuMoRGB _jБ 77-42/700 |
||
| 942 | _cBOOK | ||
| 980 | _aNB | ||